Doline - Julijske A. + Obala - Statistics

General Stats
  • This quiz has been taken 204 times
  • The average score is 19 of 26
Answers on the Map
Answers color-coded by a green-red scale on the quiz's map according to % correct below.
 
Answer Stats
Answer % Correct
Baška grapa
92%
Krma
92%
Vrata
92%
Blejski Vintgar
88%
dolina Dragonje
88%
Kot
87%
dolina Rižane
85%
dolina Planice
84%
Trenta
84%
Poljanska dolina
82%
Davča
81%
Selška dolina
81%
Zadnja Trenta
79%
Voje
78%
Ukanc
73%
Koritnica
72%
Pokljuška soteska
69%
Bavšica
68%
Jelendol
68%
dolina Glinščice
64%
Dovžanova soteska
62%
Završnica
58%
Velika Pišnica
55%
Zadnjica
54%
Krnica
52%
Mala Pišnica
49%
No matching quizzes found
Score Distribution
Percent of People with Each Score
Percentile by Number Answered
Your Score History
You have not taken this quiz